EM 2024: Kader DFB (Deutsche Nationalmannschaft) - Statistiken

Allgemein
  • Dieses Quiz wurde 3.322 mal gespielt
    3.134 seit der letzten Aktualisierung
  • Das Durchschnittsergebnis liegt bei 21 aus 26
Antwortstatistiken
Pos. Einsätze (Tore) Name % Korrekt
TW 5 (0) Manuel Neuer
100%
MF 5 (3) Jamal Musiala
96%
MF 5 (2) Florian Wirtz
95%
AW 5 (0) Antonio Rüdiger
94%
TW - Marc-Andre ter Stegen
94%
AW 5 (0) Joshua Kimmich
92%
ST 5 (2) Niclas Füllkrug
92%
MF 5 (0) Toni Kroos
91%
ST 5 (2) Kai Havertz
89%
AW 4 (0) Jonathan Tah
88%
ST 2 (0) Thomas Müller
87%
TW - Oliver Baumann
83%
AW 3 (0) David Raum
82%
MF 5 (0) Leroy Sane
82%
AW 4 (0) Maxi Mittelstädt
81%
AW 2 (0) Nico Schlotterbeck
80%
MF 5 (1) Ilkay Gündogan
77%
MF 5 (0) Robert Andrich
75%
ST 1 (0) Deniz Undav
70%
MF 4 (1) Emre Can
70%
MF 1 (0) Pascal Groß
61%
AW 2 (0) Waldemar Anton
59%
MF 1 (0) Chris Führich
56%
AW 1 (0) Benjamin Henrichs
54%
ST 1 (0) Maxi Beier
53%
AW - Robin Koch
53%
Keine übereinstimmenden Quizze gefunden
Verteilung der Resultate
Anzahl Personen mit jedem Resultat
Perzentil nach korrekt beantworteten Fragen
Ihre Resultats-Entwicklung
Sie haben dieses Quiz seit der letzten Aktualisierung nicht gespielt